[Event "ICS rated bullet match"]
[Site "204.178.125.65"]
[Date "2000.03.27"]
[Round "?"]
[White "star"]
[Black "Hossa"]
[Result "1-0"]
[WhiteElo "2436"]
[BlackElo "2522"]
[PlyCount "177"]

1. e4 e5 2. Nf3 Nc6 3. Bb5 a6 4. Bxc6 dxc6 5. O-O Bg4 6. h3 h5 7. d3 Qf6 8.
Nbd2 Ne7 9. Nc4 Bxf3 10. Qxf3 Qxf3 11. gxf3 Ng6 12. Be3 Be7 13. d4 exd4 14.
Bxd4 O-O-O 15. Be3 b5 16. Na5 Rd6 17. f4 Nh4 18. Kh2 Rg6 19. Rad1 Bb4 20. Nb3
Re8 21. c3 Bd6 22. e5 Bf8 23. Bc5 a5 24. Bxf8 a4 25. Nd4 Rxf8 26. f5 Rg5 27.
Rd3 c5 28. Nxb5 Rxf5 29. f4 g5 30. Rd5 Kb7 31. c4 Rxf4 32. Rxf4 gxf4 33. Kh1
Rg8 34. Nc3 Rg3 35. Nxa4 Nf3 36. Rd1 Kc6 37. h4 Rg4 38. b3 Nxe5 39. Nxc5 Rxh4+
40. Kg1 Nxc4 41. Na6 Ne3 42. Rc1+ Kd5 43. Rxc7 f5 44. a4 Rg4+ 45. Kf2 Ke5 46.
Re7+ Kf6 47. Rh7 Kg6 48. Rh8 h4 49. Ke2 Kg7 50. Rh5 Kf6 51. Nc5 Kg6 52. Rh8 Kg7
53. Rh5 Kf6 54. b4 Kg6 55. Rh8 Kg7 56. Rh5 Nc2 57. b5 Nd4+ 58. Kf1 Kg6 59. Rh8
Kg5 60. b6 Nc6 61. b7 f3 62. Ne6+ Kf6 63. Rc8 Rxa4 64. Rxc6 Rb4 65. Nc5+ Ke7
66. Kf2 Rb1 67. Kxf3 Rf1+ 68. Ke2 Rb1 69. Rh6 h3 70. Rxh3 Kd6 71. Nb3 Kc7 72.
Rh7+ Kb8 73. Na5 Rb2+ 74. Ke3 Rb6 75. Rh8+ Kc7 76. Kf4 Rb4+ 77. Kxf5 Rb5+ 78.
Ke6 Rb6+ 79. Kd5 Rb5+ 80. Kd4 Rb1 81. Rc8+ Kd7 82. b8=Q Rd1+ 83. Ke3 Re1+ 84.
Kf2 Ra1 85. Rc7+ Ke6 86. Rc6+ Kd5 87. Qb5+ Kd4 88. Rc4+ Kd3 89. Qd7# 1-0

[Event "ICS Rated standard match"]
[Site "204.178.125.65"]
[Date "2000.03.27"]
[Round "?"]
[White "Unicorn2000"]
[Black "Hossa"]
[Result "1-0"]
[WhiteElo "2217"]
[BlackElo "2274"]
[PlyCount "141"]

1. e4 e5 2. f4 exf4 3. Nf3 g5 4. Bc4 g4 5. O-O gxf3 6. Qxf3 Qf6 7. e5 Qxe5 8.
d3 Bh6 9. Nc3 Ne7 10. Bd2 Nbc6 11. Rae1 Qf5 12. Nd5 Kd8 13. Bc3 Rg8 14. Nxf4
Bxf4 15. Qxf4 Qxf4 16. Rxf4 d5 17. Bb3 Be6 18. Rh4 h6 19. Rxh6 Nf5 20. Rh5 Kd7
21. a3 Ncd4 22. Bxd4 Nxd4 23. Bxd5 Nxc2 24. Re4 Kd6 25. Bxe6 fxe6 26. Rh6 Rae8
27. g4 Rgf8 28. Kg2 c5 29. g5 Kd5 30. Rhh4 Nd4 31. Rh7 Kc6 32. h4 e5 33. b4 Ne6
34. b5+ Kb6 35. Rd7 Nf4+ 36. Kg3 Rd8 37. Rxd8 Rxd8 38. Rxe5 Nxd3 39. Re7 c4 40.
a4 Nc5 41. h5 c3 42. Re1 Nxa4 43. h6 Rh8 44. Rh1 Nc5 45. Kg4 Nd3 46. Rh2 Kxb5
47. Kg3 Kb4 48. g6 Rxh6 49. Rxh6 c2 50. Rh1 Nc5 51. g7 Ne4+ 52. Kf4 Nf6 53. Ke5
Ng8 54. Kd4 Kb3 55. Kd3 a5 56. Rc1 a4 57. Rxc2 a3 58. Rc5 a2 59. Rb5+ Ka3 60.
Kc2 Ka4 61. Rxb7 a1=Q 62. Ra7+ Kb5 63. Rxa1 Nf6 64. Ra8 Ng4 65. g8=Q Ne3+ 66.
Kc3 Kb6 67. Qe6+ Kb5 68. Rb8+ Kc5 69. Rc8+ Kb5 70. Qb3+ Ka6 71. Ra8# 1-0

[Event "ICS rated bullet match"]
[Site "204.178.125.65"]
[Date "2000.03.27"]
[Round "?"]
[White "Hossa"]
[Black "star"]
[Result "1/2-1/2"]
[WhiteElo "2502"]
[BlackElo "2476"]
[PlyCount "34"]

1. e4 e5 2. Nf3 Nc6 3. Bb5 a6 4. Ba4 Nf6 5. O-O Be7 6. Re1 b5 7. Bb3 d6 8. c3
O-O 9. h3 Na5 10. Bc2 c5 11. d4 Qc7 12. Nbd2 cxd4 13. cxd4 Bd7 14. Nb3 Nc4 15.
Nbd2 Na5 16. Nb3 Nc4 17. Nbd2 Na5 1/2-1/2

[Event "ICS rated bullet match"]
[Site "204.178.125.65"]
[Date "2000.03.27"]
[Round "?"]
[White "star"]
[Black "Hossa"]
[Result "1-0"]
[WhiteElo "2477"]
[BlackElo "2501"]
[PlyCount "109"]

1. e4 e5 2. Bc4 Nf6 3. d3 c6 4. Nf3 d5 5. Bb3 Bd6 6. Nc3 dxe4 7. Nxe4 Nxe4 8.
dxe4 O-O 9. Bg5 Qc7 10. Qd2 Nd7 11. Rd1 Bc5 12. O-O Re8 13. Rfe1 Bb6 14. Bc4
Nc5 15. b4 Ne6 16. Bh4 a5 17. a3 axb4 18. axb4 f6 19. c3 Ba7 20. Bb3 c5 21. Qd6
Qxd6 22. Rxd6 Bb8 23. Rd5 Ra3 24. Bc4 Ba7 25. Rc1 cxb4 26. cxb4 g5 27. Bg3 g4
28. Nh4 Bd4 29. Nf5 Bb2 30. Rb1 Bc3 31. Nd6 Rf8 32. Nxc8 Rxc8 33. Rc5 Re8 34.
Rc8 Rxc8 35. Bxe6+ Kg7 36. Bxc8 b6 37. Bxg4 Bxb4 38. Rd1 Be7 39. Kf1 b5 40. f4
exf4 41. Bxf4 b4 42. Rd7 Ra1+ 43. Ke2 Ra2+ 44. Kd3 Kf8 45. Bh5 Ra3+ 46. Kd4 Ra5
47. g4 Rxh5 48. gxh5 Ke8 49. Rb7 b3 50. Kd5 b2 51. Ke6 Bd8 52. Rg7 Kf8 53. Bh6
b1=Q 54. Rg6+ Ke8 55. Rg8# 1-0

[Event "ICS rated bullet match"]
[Site "204.178.125.65"]
[Date "2000.03.27"]
[Round "?"]
[White "Hossa"]
[Black "BigWolfie"]
[Result "1-0"]
[WhiteElo "2485"]
[BlackElo "2244"]
[PlyCount "97"]

1. e4 c5 2. c3 Nc6 3. Nf3 d5 4. exd5 Qxd5 5. d3 e6 6. Nbd2 Nf6 7. Nc4 Be7 8.
Be2 O-O 9. O-O b6 10. Bf4 Bb7 11. Re1 Rfd8 12. Bc7 Rd7 13. Ne3 Qh5 14. Ne5 Nxe5
15. Bxh5 Rxc7 16. Nf5 Ng6 17. Bxg6 hxg6 18. Nxe7+ Rxe7 19. Re3 Rd7 20. Qe2 Rad8
21. Re1 Ba6 22. Rd1 Bb7 23. h4 Nd5 24. Re4 Nf6 25. Re5 Nd5 26. Qd2 Nf6 27. Re3
Nh5 28. Qc2 Nf6 29. a4 Nh5 30. b3 Nf6 31. Rg3 Bc6 32. b4 cxb4 33. cxb4 Bd5 34.
Rc1 Bb7 35. Qe2 Bd5 36. Qb2 Bb7 37. Rc3 Bd5 38. Qc1 Bb7 39. Rh3 Bd5 40. Rc8 Bb7
41. Rxd8+ Rxd8 42. Qc7 Rxd3 43. Rxd3 Bxg2 44. Rd8+ Kh7 45. Kxg2 Nh5 46. Qxf7
Nf4+ 47. Qxf4 g5 48. Qf7 Kh6 49. Rh8# 1-0

[Event "ICS rated bullet match"]
[Site "204.178.125.65"]
[Date "2000.03.27"]
[Round "?"]
[White "BigWolfie"]
[Black "Hossa"]
[Result "0-1"]
[WhiteElo "2238"]
[BlackElo "2491"]
[PlyCount "106"]

1. e4 e5 2. Nc3 Nf6 3. Nf3 Bb4 4. Bc4 O-O 5. d3 d5 6. exd5 Nxd5 7. Bd2 Bxc3 8.
bxc3 Bg4 9. O-O Nc6 10. h3 Bh5 11. Bxd5 Qxd5 12. c4 Qd8 13. Bc3 Qd6 14. Qe2
Rfe8 15. Qe4 Bxf3 16. Qxf3 Qa3 17. Bd2 Nd4 18. Qd1 Red8 19. Be3 Rab8 20. Bxd4
Rxd4 21. Qc1 Qxc1 22. Raxc1 e4 23. Rfd1 Rbd8 24. Rb1 b6 25. Rb3 Rxc4 26. Re1
Rxc2 27. dxe4 Rxa2 28. e5 Rad2 29. Rf3 Rd1 30. Rxd1 Rxd1+ 31. Kh2 Rd7 32. Rc3
g6 33. Rc6 a6 34. e6 fxe6 35. Rxe6 Rd8 36. Rc6 Rc8 37. Rc2 c6 38. Ra2 a5 39.
Rb2 b5 40. Ra2 Ra8 41. Rd2 c5 42. Rd6 a4 43. Rd5 a3 44. Rxc5 a2 45. Rxb5 a1=Q
46. Kg3 Qa3+ 47. Kh2 Qd6+ 48. g3 Qf6 49. Rb2 Qxb2 50. Kg2 Rf8 51. g4 Qxf2+ 52.
Kh1 Rf3 53. h4 Rh3# 0-1

[Event "ICS rated bullet match"]
[Site "204.178.125.65"]
[Date "2000.03.27"]
[Round "?"]
[White "Hossa"]
[Black "BigWolfie"]
[Result "1-0"]
[WhiteElo "2497"]
[BlackElo "2232"]
[PlyCount "83"]

1. e4 c5 2. Nf3 Nc6 3. d4 cxd4 4. Nxd4 g6 5. c4 Nf6 6. Nc3 d6 7. Be2 Nxd4 8.
Qxd4 Bg7 9. O-O O-O 10. Bg5 Be6 11. Qe3 Qa5 12. Nd5 Bxd5 13. exd5 Rfe8 14. Rfe1
Nd7 15. Qc1 Nc5 16. Bf1 e5 17. Bd2 Qd8 18. b4 Nd7 19. Bg5 Qc7 20. Qe3 b6 21.
Be2 Rac8 22. Rab1 f6 23. Bh6 Qd8 24. Rb2 Qe7 25. Rb3 Bxh6 26. Qxh6 Qg7 27.
Qxg7+ Kxg7 28. Ra3 Rc7 29. g4 Ra8 30. Bd3 a5 31. Ra4 Rca7 32. a3 axb4 33. Rxa7
Rxa7 34. axb4 Ra4 35. Rb1 Kf7 36. h4 Ke7 37. h5 Kf7 38. h6 Ke7 39. Kf1 Kf7 40.
Ke2 Nb8 41. Bc2 Na6 42. Bxa4 1-0

[Event "ICS rated bullet match"]
[Site "204.178.125.65"]
[Date "2000.03.27"]
[Round "?"]
[White "BigWolfie"]
[Black "Hossa"]
[Result "0-1"]
[WhiteElo "2226"]
[BlackElo "2503"]
[PlyCount "138"]

1. f4 d5 2. Nf3 Nf6 3. b3 d4 4. Bb2 c5 5. g3 Nc6 6. Bg2 Bg4 7. O-O e6 8. a4 Be7
9. Na3 O-O 10. Nc4 Ne4 11. d3 Nd6 12. Nxd6 Qxd6 13. Nd2 Qd7 14. Nc4 Bf6 15. Bc1
Bh5 16. Bd2 Rfe8 17. Qe1 Ne7 18. Rd1 Nd5 19. Kh1 Bd8 20. Rc1 Bc7 21. e4 dxe3
22. Nxe3 Red8 23. Qf2 b6 24. h3 Nxe3 25. Bxe3 Rab8 26. Bf3 Bg6 27. g4 a6 28.
Be4 Bxe4+ 29. dxe4 Qc6 30. Qf3 Rd7 31. f5 Qd6 32. Rf2 exf5 33. exf5 Qe5 34.
Rcf1 Re8 35. Bf4 Qxf4 36. Qxf4 Bxf4 37. Rxf4 Re3 38. Kg2 f6 39. R4f2 b5 40.
axb5 axb5 41. Ra1 Rd8 42. Raf1 c4 43. bxc4 bxc4 44. Rc1 c3 45. Rcf1 Rd7 46. Rc1
Kf8 47. Rcf1 Rd4 48. Kh2 Rd2 49. Kg2 Rxf2+ 50. Rxf2 Kg8 51. Kh2 Kf7 52. Kg2 g5
53. Kh2 Ke7 54. Kg2 Kd6 55. Kh2 Kd5 56. Kg2 Ke4 57. Kh2 h6 58. Kg2 Kd4 59. Kh2
Kd5 60. Kg2 Kc5 61. Kh2 Kc6 62. Kg2 Kd5 63. Kh2 Re4 64. Kg2 Kd4 65. Kh2 Re3 66.
Kg2 Ke4 67. Kh2 Re1 68. Kg2 Ke3 69. Kh2 Kxf2 0-1

[Event "ICS rated bullet match"]
[Site "204.178.125.65"]
[Date "2000.03.27"]
[Round "?"]
[White "Hossa"]
[Black "BigWolfie"]
[Result "1-0"]
[WhiteElo "2508"]
[BlackElo "2221"]
[PlyCount "87"]

1. e4 c5 2. Nf3 Nc6 3. d4 cxd4 4. Nxd4 g6 5. Nc3 Bg7 6. Be3 Nf6 7. Bc4 O-O 8.
Bb3 a5 9. f3 e6 10. Nxc6 dxc6 11. Bc5 Qxd1+ 12. Rxd1 Re8 13. Ne2 Nd7 14. Ba3 b5
15. c3 a4 16. Bc2 Nb6 17. Bd3 Ba6 18. Bd6 Bf8 19. Bc7 Nc4 20. Bxc4 bxc4 21. Be5
Bg7 22. Bxg7 Kxg7 23. Kf2 Bb5 24. Rd2 Reb8 25. h4 Rb6 26. h5 Rab8 27. h6+ Kf6
28. f4 Ke7 29. Rhd1 R6b7 30. Kf3 c5 31. Rc1 Bc6 32. Rcc2 Rd7 33. Rxd7+ Bxd7 34.
Rd2 Bc6 35. Ng3 Rb7 36. Nf1 Rb8 37. g4 Rb7 38. g5 Rb8 39. Ne3 Rb7 40. Nxc4 Ra7
41. Ne5 Ba8 42. Ng4 a3 43. b3 Rb7 44. Nf6 1-0

[Event "ICS rated blitz match"]
[Site "204.178.125.65"]
[Date "2000.03.27"]
[Round "?"]
[White "star"]
[Black "Hossa"]
[Result "1/2-1/2"]
[WhiteElo "2697"]
[BlackElo "2577"]
[PlyCount "356"]

1. d4 Nf6 2. c4 e6 3. Nf3 b6 4. Nc3 Bb7 5. a3 d5 6. cxd5 Nxd5 7. Qc2 Nxc3 8.
bxc3 Bd6 9. e4 Nc6 10. Bd3 e5 11. Bb5 a6 12. Bxc6+ Bxc6 13. dxe5 Bc5 14. O-O
O-O 15. Bf4 Qe7 16. Rfe1 Rfe8 17. a4 Bd7 18. Rad1 Bg4 19. Rd3 b5 20. axb5 Bxf3
21. Rxf3 axb5 22. Rd3 c6 23. Red1 Qe6 24. Qe2 Qc4 25. Qf3 Bb6 26. Rd7 Ra2 27.
Bd2 Qe6 28. Qf5 Qxf5 29. exf5 Ba5 30. f4 Ra3 31. Rc1 Bb6+ 32. Kf1 Ra7 33. Rxa7
Bxa7 34. Ra1 Bb6 35. Ke2 Rd8 36. Ra6 Rb8 37. e6 Kf8 38. Be3 Bxe3 39. Kxe3 c5
40. Ra7 fxe6 41. fxe6 b4 42. cxb4 cxb4 43. Kd2 b3 44. Kc1 b2+ 45. Kb1 h5 46. f5
Rb5 47. Rf7+ Kg8 48. h3 h4 49. f6 gxf6 50. Rxf6 Re5 51. Kxb2 Kg7 52. Rf4 Rxe6
53. Rxh4 Re2+ 54. Kc3 Rxg2 55. Kd4 Rd2+ 56. Ke4 Re2+ 57. Kf3 Rh2 58. Kg3 Rh1
59. Rf4 Rg1+ 60. Kf2 Rh1 61. Kg2 Re1 62. Rf3 Re2+ 63. Kg3 Kh8 64. Rf7 Re3+ 65.
Kg4 Re4+ 66. Kg5 Re5+ 67. Kf4 Rh5 68. Kg4 Re5 69. Rb7 Re4+ 70. Kg5 Re5+ 71. Kf6
Re3 72. h4 Rf3+ 73. Kg6 Rg3+ 74. Kh6 Rg2 75. Rh7+ Kg8 76. Re7 Kh8 77. Rb7 Rg1
78. h5 Rg2 79. Rh7+ Kg8 80. Re7 Kh8 81. Rf7 Rg1 82. Rf8+ Rg8 83. Rf6 Rg4 84.
Rd6 Rg3 85. Rg6 Rh3 86. Ra6 Rg3 87. Ra8+ Rg8 88. Ra7 Rg4 89. Rh7+ Kg8 90. Rd7
Kh8 91. Rc7 Rg3 92. Rh7+ Kg8 93. Re7 Kh8 94. Rb7 Rg2 95. Rb8+ Rg8 96. Rb6 Rg3
97. Rb4 Rg2 98. Rd4 Rg1 99. Rd8+ Rg8 100. Rd5 Rg4 101. Re5 Rg3 102. Re8+ Rg8
103. Re6 Rg3 104. Rd6 Rg2 105. Rc6 Rg1 106. Rc8+ Rg8 107. Rc5 Rg4 108. Rf5 Rg3
109. Ra5 Rg2 110. Ra3 Rg1 111. Rc3 Rg2 112. Rc4 Rg1 113. Rc2 Rg3 114. Re2 Rg1
115. Rf2 Rg3 116. Rf4 Rg2 117. Rb4 Rg1 118. Rd4 Rg2 119. Re4 Rg1 120. Re3 Rg2
121. Rb3 Rg1 122. Rh3 Rf1 123. Kg5 Rg1+ 124. Kh4 Rf1 125. Rg3 Rh1+ 126. Kg4 Rh2
127. Rg1 Rf2 128. h6 Rh2 129. Kg5 Rf2 130. Rd1 Rg2+ 131. Kh5 Rh2+ 132. Kg6 Rg2+
133. Kf5 Rf2+ 134. Ke5 Re2+ 135. Kf4 Rf2+ 136. Kg3 Re2 137. Rd6 Re3+ 138. Kf4
Rh3 139. Kg4 Rh2 140. Kg5 Rg2+ 141. Kf6 Rf2+ 142. Ke7 Re2+ 143. Kd8 Re1 144.
Rf6 Rd1+ 145. Kc8 Rc1+ 146. Kb7 Rb1+ 147. Ka6 Ra1+ 148. Kb5 Rc1 149. Kb4 Rb1+
150. Ka5 Rb8 151. Rd6 Ra8+ 152. Kb6 Rb8+ 153. Ka7 Rc8 154. Re6 Rc7+ 155. Kb6
Rc8 156. Kb7 Rd8 157. Ka6 Ra8+ 158. Kb5 Rb8+ 159. Ka4 Ra8+ 160. Kb3 Rb8+ 161.
Kc3 Rc8+ 162. Kd4 Rd8+ 163. Ke5 Rf8 164. Kd5 Rf5+ 165. Kc4 Rf4+ 166. Kb3 Rf3+
167. Ka4 Rf4+ 168. Ka3 Rf3+ 169. Ka2 Rf2+ 170. Ka1 Rf1+ 171. Kb2 Rf2+ 172. Kb1
Rf1+ 173. Kc2 Rg1 174. Kb3 Rb1+ 175. Ka2 Rb8 176. Ra6 Rc8 177. Ra7 Rc2+ 178.
Kb3 Rd2 1/2-1/2

[Event "ICS rated bullet match"]
[Site "204.178.125.65"]
[Date "2000.03.27"]
[Round "?"]
[White "star"]
[Black "Hossa"]
[Result "1-0"]
[WhiteElo "2501"]
[BlackElo "2513"]
[PlyCount "111"]

1. d4 Nf6 2. c4 e6 3. Nf3 b6 4. a3 Bb7 5. Nc3 d5 6. Bg5 Be7 7. Qa4+ Qd7 8.
Qxd7+ Nbxd7 9. Nb5 Kd8 10. Bf4 dxc4 11. Ng5 Rf8 12. Bxc7+ Ke8 13. Bg3 Nd5 14.
Nxh7 Rh8 15. Ng5 Rh5 16. Ne4 Kf8 17. Nbd6 Ba6 18. Nd2 c3 19. bxc3 Nxc3 20. Rc1
Nb5 21. Nxb5 Bxb5 22. Rc3 Kg8 23. e4 Bxf1 24. Rxf1 Rd8 25. Ke2 b5 26. Rfc1 a5
27. Bc7 Rf8 28. Bxa5 Rxh2 29. Rc7 Bd8 30. Rxd7 Bxa5 31. Nb3 Ra8 32. Rc5 Rxg2
33. Rxb5 Bc3 34. d5 Rg6 35. d6 Bb2 36. Rdb7 Kh7 37. d7 Rg4 38. Rb8 Rxb8 39.
Rxb8 Bf6 40. Nd2 Rg1 41. e5 Bh4 42. Nf3 Rb1 43. Rxb1 Be7 44. Rb8 Kg6 45. d8=Q
Bxd8 46. Rxd8 Kf5 47. Ke3 Kg6 48. a4 f6 49. Rd7 f5 50. a5 f4+ 51. Kxf4 Kh6 52.
Ng5 Kh5 53. Rxg7 Kh6 54. Nxe6 Kh5 55. Rh7+ Kg6 56. Nf8# 1-0

[Event "ICS rated blitz match"]
[Site "204.178.125.65"]
[Date "2000.03.27"]
[Round "?"]
[White "Tinker"]
[Black "Hossa"]
[Result "1-0"]
[WhiteElo "2414"]
[BlackElo "2574"]
[PlyCount "185"]

1. e4 e5 2. Nf3 Nc6 3. Nc3 Nf6 4. Bb5 Nd4 5. Nxd4 exd4 6. Nd5 Nxd5 7. exd5 Qe7+
8. Qe2 a6 9. Qxe7+ Bxe7 10. Be2 O-O 11. O-O Re8 12. d3 Bb4 13. Bf3 d6 14. a3
Ba5 15. b4 Bb6 16. Bf4 Bd7 17. a4 a5 18. b5 Bc5 19. Bd2 Kf8 20. Rfe1 Rxe1+ 21.
Rxe1 Bb4 22. Rd1 Bc3 23. Bxc3 dxc3 24. Kf1 g5 25. Ra1 g4 26. Be2 h5 27. Ra3 c6
28. dxc6 bxc6 29. d4 Rb8 30. Ke1 Rb7 31. Rxc3 cxb5 32. axb5 Bxb5 33. Bxb5 Rxb5
34. Rb3 Rd5 35. Ra3 h4 36. Ke2 Ke7 37. Ke3 h3 38. gxh3 gxh3 39. Ke4 Rg5 40.
Rxh3 Rg2 41. Kf3 Rg8 42. Ke2 Rg4 43. Ke3 Rg8 44. Rh5 Ra8 45. Rb5 a4 46. Rb2 Rc8
47. Ra2 Rc4 48. Kd3 d5 49. h4 f5 50. Rb2 Kd6 51. Rb7 Ke6 52. Rb6+ Ke7 53. Ra6
f4 54. Ra5 Ke6 55. h5 Rb4 56. f3 Rb1 57. Rxa4 Re1 58. Ra6+ Ke7 59. Kd2 Re3 60.
h6 Kf7 61. h7 Kg7 62. Rh6 Kh8 63. Rh3 Ra3 64. c3 Ra2+ 65. Kd3 Rg2 66. Rh4 Ra2
67. Rxf4 Kxh7 68. Rf5 Ra5 69. Rg5 Kh6 70. f4 Kh7 71. Kc2 Rb5 72. c4 Rb4 73.
Rxd5 Rxc4+ 74. Kd3 Rc1 75. Rd6 Rc7 76. f5 Kg8 77. d5 Rc1 78. Rd7 Rd1+ 79. Ke2
Rb1 80. d6 Rb3 81. f6 Ra3 82. Rc7 Ra2+ 83. Kd3 Ra3+ 84. Kc4 Ra8 85. d7 Rd8 86.
Rc8 Kf7 87. Rxd8 Ke6 88. Re8+ Kf5 89. f7 Kg4 90. f8=Q Kg3 91. Qg7+ Kf4 92. d8=Q
Kf3 93. Qdf6# 1-0

[Event "ICS rated blitz match"]
[Site "204.178.125.65"]
[Date "2000.03.27"]
[Round "?"]
[White "Hossa"]
[Black "Tinker"]
[Result "1-0"]
[WhiteElo "2551"]
[BlackElo "2437"]
[PlyCount "125"]

1. e4 e5 2. Nf3 Nc6 3. Nc3 d6 4. Bb5 Bg4 5. d3 Nge7 6. Be3 a6 7. Ba4 b5 8. Bb3
Nd4 9. h3 Bxf3 10. gxf3 c5 11. Bd5 Nxd5 12. Nxd5 Nc6 13. f4 Ne7 14. fxe5 Nxd5
15. exd5 dxe5 16. c4 Be7 17. Qg4 bxc4 18. dxc4 g6 19. Bh6 Qb8 20. O-O-O Qd6 21.
Rde1 Rg8 22. f4 e4 23. f5 Qf6 24. Rxe4 Rb8 25. Re2 g5 26. Rhe1 Qxh6 27. Rxe7+
Kf8 28. Qe2 Qf6 29. Qf2 Qxe7 30. Rxe7 Kxe7 31. Qxc5+ Kf6 32. Qd6+ Kxf5 33. Qxa6
h5 34. Qa7 Kg6 35. Qa6+ Kf5 36. Qh6 Rh8 37. Qd6 Rbd8 38. Qe7 f6 39. Qe6+ Kg6
40. Qe4+ Kg7 41. b4 Rhe8 42. Qf3 Rd6 43. Kb2 Rb6 44. a3 Rc8 45. Qe3 Rb7 46. Qe4
Rd8 47. Kb3 Rbd7 48. a4 Rd6 49. a5 h4 50. b5 R6d7 51. a6 Ra7 52. c5 Rb8 53. Kc4
Rc8 54. c6 Raa8 55. Qd3 g4 56. hxg4 Rh8 57. d6 h3 58. Qe4 h2 59. Qh1 Kf7 60. c7
Ke6 61. Kc5 Rae8 62. Qd5+ Kd7 63. Qf7+ 1-0

[Event "ICS rated blitz match"]
[Site "204.178.125.65"]
[Date "2000.03.27"]
[Round "?"]
[White "star"]
[Black "Hossa"]
[Result "1-0"]
[WhiteElo "2687"]
[BlackElo "2562"]
[PlyCount "44"]

1. d4 d5 2. c4 e6 3. Nc3 Nf6 4. Bg5 Nbd7 5. e3 Be7 6. Nf3 dxc4 7. Bxc4 O-O 8.
O-O c5 9. dxc5 Nxc5 10. Rc1 h6 11. Bf4 b6 12. Qe2 Nh5 13. Be5 Nf6 14. Rfd1 Bd7
15. b4 Nce4 16. Nxe4 Nxe4 17. Rd4 b5 18. Bxb5 Bxb5 19. Qxb5 Qb6 20. Qd7 Bxb4
21. Rxe4 Rad8 22. Qa4 Bd6 1-0

[Event "ICS rated blitz match"]
[Site "204.178.125.65"]
[Date "2000.03.27"]
[Round "?"]
[White "Hossa"]
[Black "Beadle"]
[Result "0-1"]
[WhiteElo "2552"]
[BlackElo "2537"]
[PlyCount "90"]

1. e4 e6 2. d4 d5 3. Nc3 Bb4 4. e5 c5 5. a3 Bxc3+ 6. bxc3 Qc7 7. Qg4 f5 8. Qh5+
g6 9. Qd1 cxd4 10. cxd4 Qc3+ 11. Bd2 Qxd4 12. Nf3 Qe4+ 13. Be3 Ne7 14. Bd3 Qa4
15. O-O Nbc6 16. Bg5 b6 17. Qe2 Bd7 18. Bf6 Rf8 19. c4 d4 20. Qb2 Qa5 21. Be2
Rd8 22. Nxd4 Nxd4 23. Qxd4 Bc6 24. Qh4 Rf7 25. Bxe7 Rxe7 26. Qf6 Rd2 27. Rfe1
Kd7 28. a4 a6 29. Qh8 Kc7 30. Qf8 Red7 31. c5 Qxc5 32. Qxc5 bxc5 33. Bxa6 Rc2
34. Bb5 Rdd2 35. Rf1 Bxb5 36. axb5 Ra2 37. Rxa2 Rxa2 38. Rb1 Kb6 39. Kf1 c4 40.
Ke1 Ra5 41. f4 Rxb5 42. Rxb5+ Kxb5 43. Kd2 Kb4 44. Kc2 c3 45. g3 h6 0-1

[Event "ICS rated blitz match"]
[Site "204.178.125.65"]
[Date "2000.03.27"]
[Round "?"]
[White "Tinker"]
[Black "Hossa"]
[Result "0-1"]
[WhiteElo "2400"]
[BlackElo "2535"]
[PlyCount "124"]

1. e4 c5 2. Nf3 e6 3. Nc3 d6 4. d4 cxd4 5. Nxd4 Nf6 6. Bg5 Be7 7. Bb5+ Nbd7 8.
Bh4 O-O 9. Bxd7 Bxd7 10. O-O Qb6 11. Nb3 Qc7 12. Qd3 Bc6 13. Nd4 Rad8 14. Nxc6
bxc6 15. Qe2 Rb8 16. Rfb1 Rfe8 17. Bg5 Nd5 18. exd5 Bxg5 19. Qg4 Bf6 20. dxc6
Qxc6 21. Ne4 Be5 22. Nc3 Rxb2 23. Rxb2 Bxc3 24. Rab1 Bxb2 25. Rxb2 Qc3 26. Qb4
Qxb4 27. Rxb4 Rc8 28. Rb7 a5 29. Ra7 h5 30. Rxa5 Rxc2 31. Kf1 d5 32. a4 Ra2 33.
Ra8+ Kh7 34. a5 Kg6 35. a6 Kf5 36. a7 Ke4 37. h3 d4 38. h4 Kd3 39. g4 hxg4 40.
Rg8 Rxa7 41. Rxg7 Ra1+ 42. Kg2 f5 43. h5 e5 44. h6 Ra6 45. h7 Rh6 46. Rb7 Ke4
47. Kf1 Rh1+ 48. Kg2 Rh5 49. Kf1 f4 50. Rd7 Kf3 51. Kg1 g3 52. fxg3 Kxg3 53.
Kf1 Kf3 54. Ke1 Ke3 55. Kf1 f3 56. Rg7 Rh1+ 57. Rg1 d3 58. Rxh1 d2 59. Kg1
d1=Q+ 60. Kh2 Qd2+ 61. Kh3 Qg2+ 62. Kh4 Kf4 0-1

[Event "ICS rated blitz match"]
[Site "204.178.125.65"]
[Date "2000.03.27"]
[Round "?"]
[White "Hossa"]
[Black "Tinker"]
[Result "1-0"]
[WhiteElo "2545"]
[BlackElo "2390"]
[PlyCount "143"]

1. e4 e5 2. Nf3 Nc6 3. Nc3 d6 4. Bb5 a6 5. Bxc6+ bxc6 6. d4 exd4 7. Nxd4 c5 8.
Nf3 Rb8 9. e5 Ne7 10. exd6 cxd6 11. O-O Ng6 12. Re1+ Be7 13. Nd5 Rb7 14. Nd2
O-O 15. Ne4 Bh4 16. g3 Be7 17. Re3 Rd7 18. Nxe7+ Qxe7 19. Nc3 Qd8 20. Nd5 Bb7
21. b3 Re8 22. Rxe8+ Qxe8 23. c4 Qe5 24. Bf4 Nxf4 25. Nxf4 Re7 26. Rc1 Qb2 27.
Nd3 Qd4 28. Nf4 Qe4 29. Nd5 Re5 30. f3 Qg6 31. Nf4 Qf6 32. Qd3 Qe7 33. Kf2 Bc8
34. Rd1 Qf8 35. Qxd6 Re7 36. Qxc5 Bd7 37. Qb6 f5 38. Qxa6 Qe8 39. Qd6 Kh8 40.
a4 Kg8 41. Qd5+ Rf7 42. Re1 Qd8 43. c5 Qf6 44. Qe5 Qh6 45. Kg2 Qc6 46. Nd5 Qa8
47. Ne7+ Kh8 48. Qc7 Be8 49. Qc8 Qxc8 50. Nxc8 Bc6 51. Re5 Rf6 52. Ne7 g6 53.
Nxc6 Rxc6 54. b4 Ra6 55. a5 Rc6 56. b5 Rc8 57. c6 Kg8 58. Kf2 Kf7 59. b6 Rxc6
60. b7 Rc2+ 61. Re2 Rxe2+ 62. Kxe2 Ke6 63. b8=Q f4 64. Kd3 fxg3 65. Qe8+ Kf6
66. hxg3 g5 67. a6 g4 68. fxg4 h5 69. Qxh5 Ke6 70. Ke4 Kd6 71. a7 Kc7 72. a8=Q
1-0

[Event "ICS rated blitz match"]
[Site "204.178.125.65"]
[Date "2000.03.27"]
[Round "?"]
[White "PostModernist"]
[Black "Hossa"]
[Result "1-0"]
[WhiteElo "2609"]
[BlackElo "2554"]
[PlyCount "121"]

1. e4 e5 2. d4 exd4 3. c3 dxc3 4. Bc4 cxb2 5. Bxb2 d6 6. Qb3 Qd7 7. Nc3 Nc6 8.
Nd5 Na5 9. Qg3 f6 10. Be2 c6 11. Nf4 Qe7 12. Bc3 b6 13. Qe3 g5 14. Nh5 Bd7 15.
Qf3 Kf7 16. g4 Re8 17. Nh3 Bh6 18. Ng3 d5 19. exd5 Qc5 20. O-O cxd5 21. Rad1
Bc6 22. Bd4 Qc2 23. Bd3 Qxa2 24. Nf5 Bg7 25. Nxg5+ Kf8 26. Qf4 Qa3 27. Qc7 Re7
28. Ne6+ Kf7 29. Nd6+ Qxd6 30. Qxd6 Rxe6 31. Qf4 Ne7 32. Qc7 Bb7 33. Rde1 Bc8
34. Rxe6 Bxe6 35. Qxa7 Nac6 36. Qxb6 Rb8 37. Qc5 Rb4 38. Be3 Rxg4+ 39. Kh1 f5
40. Be2 Re4 41. Bh5+ Kf6 42. Qd6 h6 43. Rg1 d4 44. Bf4 Bf8 45. Bd2 Rh4 46. Re1
Re4 47. Rxe4 fxe4 48. Bg4 Nd8 49. Qxd4+ Kg6 50. Qd6 Nd5 51. Qxd8 Bxg4 52. Qxd5
Bf3+ 53. Kg1 Bg7 54. Qg8 h5 55. Bc3 h4 56. Qe6+ Bf6 57. Qxf6+ Kh5 58. Qf5+ Kh6
59. Bf6 Bg4 60. Qg5+ Kh7 61. Qg7# 1-0

[Event "ICS rated blitz match"]
[Site "204.178.125.65"]
[Date "2000.03.27"]
[Round "?"]
[White "Beadle"]
[Black "Hossa"]
[Result "0-1"]
[WhiteElo "2561"]
[BlackElo "2536"]
[PlyCount "146"]

1. c4 e5 2. Nc3 Nf6 3. Nf3 Nc6 4. d3 d5 5. Bg5 d4 6. Nd5 Be6 7. Bxf6 gxf6 8. e4
dxe3 9. Nxe3 Bb4+ 10. Nd2 Qd4 11. a3 Bxd2+ 12. Qxd2 O-O-O 13. Be2 Qd6 14. h3
Nd4 15. Qb4 Qd7 16. Rd1 Rhg8 17. Qa5 Kb8 18. Bh5 Rg5 19. Bg4 h5 20. Bxe6 fxe6
21. h4 Rgg8 22. Kf1 Rg6 23. Rh3 Rdg8 24. Qc5 Qg7 25. g3 f5 26. Kg2 f4 27. Nf1
b6 28. Qb4 Qf6 29. Qe1 fxg3 30. fxg3 Rg4 31. Nd2 Nc2 32. Qe2 Qg7 33. Ne4 Nd4
34. Qe1 Rf8 35. Kh1 Qf7 36. Qe3 c5 37. Kh2 Qg7 38. b4 cxb4 39. axb4 Rf3 40. Qe1
Qf8 41. b5 Rxe4 42. Qxe4 Rf2+ 43. Kg1 Ne2+ 44. Kh1 Rf1+ 45. Kh2 Qf2+ 46. Qg2
Qxg2+ 47. Kxg2 Rxd1 48. Kf2 Nc1 49. g4 hxg4 50. Rg3 Rd2+ 51. Ke1 Rxd3 52. Rxg4
Rd4 53. Rxd4 exd4 54. h5 Nd3+ 55. Kd2 Ne5 56. h6 Nf7 57. Kd3 Nxh6 58. Kxd4 Nf7
59. c5 bxc5+ 60. Kxc5 Nd6 61. Kxd6 Kb7 62. Kxe6 Kb6 63. Ke7 Kxb5 64. Kd6 Kc4
65. Kc6 a5 66. Kb7 Kd5 67. Ka6 a4 68. Ka7 a3 69. Ka8 Kc6 70. Ka7 a2 71. Ka8
a1=Q+ 72. Kb8 Qa2 73. Kc8 Qa8# 0-1

[Event "ICS rated blitz match"]
[Site "204.178.125.65"]
[Date "2000.03.27"]
[Round "?"]
[White "Hossa"]
[Black "Beadle"]
[Result "1-0"]
[WhiteElo "2553"]
[BlackElo "2544"]
[PlyCount "93"]

1. d4 Nf6 2. c4 g6 3. Nc3 c5 4. dxc5 Na6 5. Be3 e6 6. Bg5 Bxc5 7. e4 Qb6 8. Qd2
Ng4 9. Bh4 O-O 10. Nf3 f5 11. h3 fxe4 12. hxg4 exf3 13. gxf3 Rxf3 14. Bg2 Rf7
15. Rd1 Nb4 16. Rh3 Qc7 17. Bg3 Bxf2+ 18. Bxf2 Qxc4 19. a3 Nc6 20. Ne4 Qa4 21.
Nd6 Re7 22. Bh4 Rf7 23. Nxf7 Kxf7 24. Rf3+ Kg8 25. Qd6 Qe4+ 26. Kf1 Qxf3+ 27.
Bxf3 h6 28. Bxc6 bxc6 29. Qe7 g5 30. Qe8+ Kg7 31. Rxd7+ Bxd7 32. Qxa8 gxh4 33.
Qxa7 Kf6 34. Qxd7 Ke5 35. Qxc6 Kf6 36. Kg2 Kf7 37. Qd7+ Kf6 38. Qd8+ Kf7 39.
Qxh4 Ke8 40. Qxh6 Kd7 41. g5 e5 42. g6 Ke6 43. g7+ Kf7 44. Qg5 Kg8 45. Kf3 e4+
46. Kxe4 Kh7 47. g8=Q# 1-0